000
00335nam a22001337a 4500
008
250311b |||||||| |||| 00| 0 eng d
020
_a
0671582488
050
_a
RZA6898
100
_a
BUCKINGHAM, Marcus
245
_a
First, Break all the Rules
260
_a
New York
_b
Simon & Schuster Recording
_c
1999
300
_a
269p.
942
_c
BK
999
_c
2250
_d
2250